Statistics for Guess the Kpop Group by Debut Song (New Gen)

Click here to take the quiz!

General Stats

  • This quiz has been taken 1,961 times
  • The average score is 7 of 15

Answer Stats

HintAnswer% Correct
BOOMBAYAHBlackpink
99%
Like Ooh-AhhTwice
96%
HappinessRed Velvet
85%
Adore USeventeen
77%
Girls Girls GirlsGot7
72%
Glass BeadGfriend
61%
Wee WooPristin
49%
Dream GirlsI.O.I.
44%
PepeCLC
40%
Hide and SeekAstro
36%
CupidOh My Girl
20%
MoMoMoWJSN
20%
WonderlandGugudan
14%
Dream CandyApril
11%
SomehowDIA
10%

Score Distribution

Percentile by Number Answered

Percent of People with Each Score

Your Score History

You have not taken this quiz